000
00453nam a2200145Ia 4500
008
100122s9999 xx 000 0 und d
082
_b
21414
_a
823
100
_a
फडके ना सी
245
_a
हिरा जो भंगला
260
_b
पंडित अनंत कुलकर्णी
_c
1975
300
_a
201
630
_a
हिरा जो भंगला
730
_a
हिरा जो भंगला
942
_c
BOOK
999
_c
409430
_d
409427